Dân tộc học đại cương
Guardado en:
| Otros Autores: | , , , |
|---|---|
| Formato: | Libro |
| Publicado: |
Hà Nội
Giáo dục
2010
|
| Edición: | Tái bản lần thứ mười ba |
| Materias: | |
| Etiquetas: |
Agregar Etiqueta
Sin Etiquetas, Sea el primero en etiquetar este registro!
|
| Thư viện lưu trữ: | Trung tâm Học liệu Lê Vũ Hùng, Trường Đại học Đồng Tháp |
|---|
| LEADER | 00952pam a22003018a 4500 | ||
|---|---|---|---|
| 001 | 00043415 | ||
| 005 | 20181213111200.0 | ||
| 008 | 140121s2009 ||||||Viesd | ||
| 020 | # | # | |c 20000 |
| 041 | 0 | # | |a Vie |
| 082 | 1 | 4 | |a 305.8 |b D121T |
| 245 | 0 | 0 | |a Dân tộc học đại cương |c Lê Sĩ Giáo (chủ biên)...[và nh. ng. khác] |
| 250 | # | # | |a Tái bản lần thứ mười ba |
| 260 | # | # | |a Hà Nội |b Giáo dục |c 2010 |
| 300 | # | # | |a 219 tr. |c 21 cm. |
| 650 | # | 4 | |a Dân tộc học |
| 653 | # | # | |a Con người |
| 653 | # | # | |a Nguyên thủy |
| 653 | # | # | |a Xã hội |
| 653 | # | # | |a Tôn giáo |
| 653 | # | # | |a Thế giới |
| 700 | 1 | # | |a Hoàng, Lương |
| 700 | 1 | # | |a Lâm, Bá Nam |
| 700 | 1 | # | |a Lê, Sĩ Giáo |e Chủ biên |
| 700 | 1 | # | |a Lê, Ngọc Thắng |
| 852 | # | # | |j KM.0026753 |
| 910 | # | # | |d 13/12/2018 |
| 980 | # | # | |a Trung tâm Học liệu Lê Vũ Hùng, Trường Đại học Đồng Tháp |